Visión política de Quevedo

Guardat en:
Dades bibliogràfiques
Autor principal: Lira Pérez, Osvaldo (autor)
Format: Llibre
Idioma:espanyol
Publicat: Madrid Seminario de Problemas Hispanoamericanos 1948
Col·lecció:Cuadernos de Monografías, 3
Matèries:
Etiquetes: Afegir etiqueta
Sense etiquetes, Sigues el primer a etiquetar aquest registre!

MARC

LEADER 00000nam a2200000 a 4500
001 UCR0566
003 CL-VaPUC
008 971205e19480000SP |||||||||||||||||spa|d
082 0 4 |a 320.55  |b LIR  |2 21 
100 |a Lira Pérez, Osvaldo  |e autor  |9 314960 
245 1 0 |a Visión política de Quevedo 
300 |a 286 p 
942 |c BK 
945 |d 19971205 00:00:00  |a cmena 
260 |a Madrid  |b Seminario de Problemas Hispanoamericanos  |c 1948 
600 0 7 |a QUEVEDO, FRANCISCO DE  |2 CL-VaPUC  |9 254892 
650 7 |a FILOSOFIA POLITICA  |2 CL-VaPUC  |9 396401 
650 0 |a Teología   |9 258766 
650 0 |a Cristianismo  |9 257361 
650 0 |a Monarquía   |9 255259 
650 0 |a Justicia   |9 255408 
650 0 |a Bien común   |9 346393 
650 0 |a Derecho privado  |9 258243 
650 0 |a Derecho público   |9 255910 
650 0 |a Administración pública   |9 255343 
650 0 |a Autoridad   |9 257105 
583 |a last modification  |c 19971205 00:00:00  |k Rodrigo Vera 
490 0 |a Cuadernos de Monografías, 3 
999 |c 264067  |d 264065 
952 |0 0  |1 0  |4 0  |6 320_550000000000000_LIR_1948  |7 0  |8 A  |9 293667  |a BIBDER  |b BIBDER  |d 2019-11-19  |i 1908855  |l 1  |o 320.55 LIR 1948  |p 1908855  |r 2023-03-21  |s 2023-03-16  |w 2019-11-19  |y BK  |k DER